000 004290000a22001690004500
003 MACL
005 20150707143642.0
008 150707b xxu||||| |||| 00| 0 eng d
040 _aMACL
_cMACL
041 _aEnglish
100 _aRahman, Hakikur
_91165
245 _aEmpowering Women Through ICT
260 _bMohit Book International
_c2008
_aNew Delhi
350 _a900
650 _aSociology
_919
942 _cBK
_k307/RAH
_2ddc
999 _c41813
_d41813